000 01083nam a2200265 a 4500
001 BRL_1284
005 20190320211128.0
008 191213c1977----u--aob####---#000-0#eng-#
041 _aeng
044 _au
050 4 _aF1219.3.A7
_b.F66 1977
100 1 _aFontana, Bernard L.
_925670
245 1 0 _aThe other southwest
_bindian Arts and crafts of Northwestern México : prepared in coordination with an exhibiton by The Heard Museum, May 20, 1977 through August 27, 1977
_cby Bernard L. Fontana, Edmond J. B. Faubert [and] Barney T. Burns ; Foreword by Edward H. Spicer.
260 _aPhoenix, Arizona
_bThe Heard Museum
_c1977
_g1977
300 _a143 p.
_bil., láminas, mapas, fotgrafías
_c28 cm.
500 _aAu1733
504 _aBibliografía: p. 141-143
650 1 4 _aArte indígena
_vExposiciones
_zNoroeste de Mexico
_926385
650 1 4 _aIndígenas del Noroeste de México
_vExposiciones
_xArtesanías
_926386
700 1 _aFaubert, Edmond J. B.
_926387
700 1 _aBurns, Barney T.
_926388
700 1 _aSpicer, Edward H.
_926389
902 _aGRL
942 _2lcc
_cB
999 _c10096
_d10096